000 00540 a2200193 4500
005 20260302102440.0
008 260205b |||||||| |||| 00| 0 eng d
020 _a9780367552237
040 _cSDCL
041 S _2eng
_aeng
084 _aV5'J R5
100 _aAbulafia, Anna Sapir
245 _aChristian–Jewish Relations 1000–1300 :
_bJews in the Service of Medieval Christendom
250 _a2nd.
260 _a New York :
_bRoutledge,
_c2025.
300 _axxiv, 227p.
490 _aThe medieval world
942 _cTEXL
_2CC
999 _c1678336
_d1678336